00213nam a2200085Ia 4500008004100000100001800041245002600059260003300085260000900118180219s9999 xx 000 0 und d aPandey Shashi 0aScientific Parenality aVinay Rakheja R. Lall Meerut c2014